| 000 -LEADER |
| fixed length control field |
02228cam a22002414a 4500 |
| 008 - FIXED-LENGTH DATA ELEMENTS--GENERAL INFORMATION |
| fixed length control field |
090203s2008 ii 000 0 eng d |
| 020 ## - INTERNATIONAL STANDARD BOOK NUMBER |
| International Standard Book Number |
9789280114980 |
| 041 0# - LANGUAGE CODE |
| Language code of text/sound track or separate title |
eng |
| 082 00 - DEWEY DECIMAL CLASSIFICATION NUMBER |
| Classification number |
341.4756 |
| Item number |
I339 |
| 245 00 - TITLE STATEMENT |
| Title |
Casualty investigation code : |
| Remainder of title |
code of the international standards and recommended practices for a safety investigation into a marine casualty or marine incident. |
| 250 ## - EDITION STATEMENT |
| Edition statement |
2008 ed. |
| 260 ## - PUBLICATION, DISTRIBUTION, ETC. (IMPRINT) |
| Place of publication, distribution, etc |
London : |
| Name of publisher, distributor, etc |
International Maritime Organization, |
| Date of publication, distribution, etc |
2008. |
| 300 ## - PHYSICAL DESCRIPTION |
| Extent |
vi, 24 p. ; |
| Dimensions |
21 cm. |
| 500 ## - GENERAL NOTE |
| General note |
IMO sales number: I128E |
|
| General note |
"This Code incorporates and builds on the best practices in marine casualty and marine incident investigation that were established by the Code for the Investigation of Marine Casualties and Incidents adopted by the International Maritime Organization by resolution A.849(20)"--Back cover. |
| 505 2# - FORMATTED CONTENTS NOTE |
| Formatted contents note |
General provisions -- Mandatory standards -- Recommended practices. |
| 520 ## - SUMMARY, ETC. |
| Summary, etc |
The MSC adopted a new Code of International Standards and Recommended Practices for a Safety Investigation into a Marine Casualty or Marine Incident (Casualty Investigation Code). Relevant amendments to SOLAS Chapter XI 1 were also adopted, to make parts I and II of the Code mandatory. Part III of the Code contains related guidance and explanatory material. The Code will require a marine safety investigation to be conducted into every marine casualty involving the total loss of the ship or a death or severe damage to the environment. The Code will also recommend an investigation into other marine casualties and incidents, by the flag state of a ship involved, if it is considered likely that it would provide information that could be used to prevent future accidents. The new regulations expand on SOLAS Regulation I/21, which requires administrations to conduct an investigation of any casualty occurring to any of its ships when it judges that such an investigation may assist in determining what changes in the present regulations might be desirable.--Publisher's description. |
| 650 #0 - SUBJECT ADDED ENTRY--TOPICAL TERM |
| Topical term or geographic name as entry element |
Marine accidents |
| General subdivision |
Investigation. |
|
| Topical term or geographic name as entry element |
Maritime law. |
|
| Topical term or geographic name as entry element |
Ships |
| General subdivision |
Safety regulations. |
| 710 2# - ADDED ENTRY--CORPORATE NAME |
| Corporate name or jurisdiction name as entry element |
International Maritime Organization. |
| 942 ## - ADDED ENTRY ELEMENTS (KOHA) |
| Item type |
Books |